Loading...
| Social Science | 2 | 7 | 1 | 1 | 95 | 61 | 94.44 | 4 | 6 |
| Visual Arts | 2 | 2 | 0 | 1 | 50 | 74 | 101.75 | 1 | 3 |
| Science - Chemistry | 0 | 4 | 0 | 0 | 40 | 74 | 92.00 | 3 | 4 |
| Science - Physics | 1 | 3 | 1 | 0 | 40 | 66 | 96.75 | 2 | 3 |
| Literature - American Literature | 1 | 2 | 0 | 1 | 35 | 80 | 95.33 | 1 | 2 |
| Literature - European Literature | 2 | 1 | 1 | 0 | 35 | 56 | 72.33 | 1 | 3 |
| Literature - British Literature | 2 | 0 | 0 | 0 | 30 | 42 | 51.00 | 1 | 2 |
| Fine Arts - Other Arts | 2 | 0 | 0 | 0 | 30 | 60 | 65.00 | 2 | 2 |
| Auditory Arts | 0 | 2 | 0 | 0 | 20 | 98 | 107.50 | 0 | 2 |
| Science - Biology | 0 | 2 | 2 | 0 | 10 | 74 | 84.00 | 1 | 2 |
| Philosophy | 0 | 1 | 0 | 0 | 10 | 98 | 98.00 | 0 | 1 |
| Literature - World Literature | 0 | 1 | 0 | 0 | 10 | 119 | 119.00 | 0 | 0 |
| History - European History | 0 | 1 | 0 | 0 | 10 | 79 | 79.00 | 0 | 0 |
| Science - Other Science | 0 | 2 | 3 | 0 | 5 | 67 | 89.00 | 1 | 2 |
| Beliefs | 0 | 1 | 1 | 0 | 5 | 111 | 111.00 | 0 | 0 |